Najpopularniejsze numery Rap/Trap tygodnia. 07-13.05 YT - Statystyki

Ogólne statystyki
  • Ten quiz został rozwiązany 8 razy
  • Średni wynik to 19 z 30
Statystyki odpowiedzi
Wykonawca Wyświetlenia Utwór % Poprawnych
Mata 1.62M Patoreakcja
100%
Ekipa 2.53M 3KIPA
88%
OIO 1.81M Amerykańskie Teledyski
88%
Ekipa 3.50M Chill
88%
Sobel 4.32M Fiołkowe Pole
88%
Sobel ft. Young Igi 1.27M Nie Teraz
88%
OIO 1.07M Przypadkiem
88%
OIO 2.37M Worki W Tłum
88%
ReTo 570K Billy Kid
75%
Guzior 1.07M BLUEBERRY
75%
Alberto 613K Dwutakt
75%
Guzior ft. Oskar83 971K FALA
75%
Kizo ft. Trill Pem 493K Fitness
75%
Kizo ft. Wac Toja 1.65M Nasze Lato
75%
ReTo 609K Paw
75%
Wiatr ft. Sobel, Be Vis 846K Testarossa
75%
Ekipa ft. Qry 550K ZAEBYŚCIE
75%
Sobel 769K Alien
63%
Avi & Louis Villain 1.55M AMG
63%
Sobel 2.00M Bandyta
63%
Sobel 984K Kinol
63%
Kabe 544K Nad ranem
63%
Lipa ft. Kabe 722K Bezprawie
50%
Chivas ft. White 2115 640K Mam Na Twarzy Krew I Tym Razem Nie Jest Sztuczna
50%
Sobel ft. Skip 532K Presja (Remix)
38%
Białas & White 2115 655K Święto Ogródka
38%
Sobel 515K Gruby Temat
13%
Aymi 702K Nieważne
13%
Małach ft. Kukon 642K Obdrapany marmur
0%
Basgrow & C0PIK ft. Ruskij 931K Romantyk
0%
Nie znaleziono quizów pasujących do podanych kryteriów
Rozkład punktacji
Procent ludzi z każdym wynikiem
Percentyl według liczby udzielonych odpowiedzi
Twoja historia wyników
Nie rozwiązałeś tego quizu